[Event "Moscow Open F"]
[Site "?"]
[Date "2017.01.31"]
[Round "5.12"]
[White "Bochkov, Artem"]
[Black "Mingazov, Almaz"]
[Result "1-0"]
[BlackElo "2303"]
[WhiteElo "2056"]
[LiveChessVersion "1.4.8"]

1. e4 {[%clk 1:30:57]} c5 {[%clk 1:06:15]} 2. Nf3 {[%clk 1:31:22]} d6
{[%clk 1:06:41]} 3. d4 {[%clk 1:31:49]} cxd4 {[%clk 1:07:08]} 4. Nxd4
{[%clk 1:32:17]} Nf6 {[%clk 1:07:33]} 5. Nc3 {[%clk 1:32:44]} a6 {[%clk 1:08:00]}
6. Be3 {[%clk 1:33:10]} e5 {[%clk 1:08:26]} 7. Nb3 {[%clk 1:33:37]} Be6
{[%clk 1:08:52]} 8. f3 {[%clk 1:34:03]} Be7 {[%clk 1:09:18]} 9. Qd2
{[%clk 1:34:30]} Nbd7 {[%clk 1:09:44]} 10. O-O-O {[%clk 1:34:50]} b5
{[%clk 1:09:55]} 11. g4 {[%clk 1:35:11]} b4 {[%clk 1:09:58]} 12. Na4
{[%clk 1:30:50]} O-O {[%clk 1:04:48]} 13. Qxb4 {[%clk 1:24:06]} d5
{[%clk 1:04:09]} 14. Qa5 {[%clk 1:24:06]} dxe4 {[%clk 1:04:09]} 15. Nb6
{[%clk 0:57:39]} exf3 {[%clk 0:56:07]} 16. h3 {[%clk 0:48:46]} h6 17. Nxa8
{[%clk 0:37:26]} Qxa8 {[%clk 0:33:49]} 18. Kb1 {[%clk 0:32:05]} Nd5
{[%clk 0:33:22]} 19. Bf2 {[%clk 0:25:12]} e4 {[%clk 0:31:22]} 20. Bc4
{[%clk 0:23:39]} N7f6 {[%clk 0:30:33]} 21. Qe1 {[%clk 0:15:03]} Re8
{[%clk 0:30:33]} 22. Bxd5 {[%clk 0:15:03]} Bxd5 {[%clk 0:30:33]} 23. Nd4
{[%clk 0:12:30]} Qb7 {[%clk 0:27:03]} 24. Nf5 {[%clk 0:12:30]} Bb4
{[%clk 0:25:43]} 25. Qe3 {[%clk 0:10:03]} Qc7 {[%clk 0:19:18]} 26. c3
{[%clk 0:07:47]} Qa5 {[%clk 0:16:47]} 27. Rxd5 {[%clk 0:07:47]} Nxd5
{[%clk 0:16:47]} 28. cxb4 {[%clk 0:08:13]} Nxb4 {[%clk 0:14:25]} 29. a3
{[%clk 0:07:09]} Nd5 {[%clk 0:11:45]} 30. Qd4 {[%clk 0:06:35]} Nc3+
{[%clk 0:10:08]} 31. bxc3 {[%clk 0:05:32]} Rb8+ {[%clk 0:10:25]} 32. Ka2
{[%clk 0:05:57]} f6 {[%clk 0:10:41]} 33. Qd7 {[%clk 0:04:56]} 1-0

[Event "Moscow Open F"]
[Site "?"]
[Date "2017.01.31"]
[Round "5.13"]
[White "Pahomov, Ruslan"]
[Black "Kudenko, Alexander"]
[Result "1/2-1/2"]
[BlackElo "2062"]
[WhiteElo "2270"]
[LiveChessVersion "1.4.8"]

1. e4 {[%clk 1:29:41]} c5 {[%clk 1:29:41]} 2. Nf3 {[%clk 1:30:01]} e6
{[%clk 1:30:05]} 3. c4 {[%clk 1:30:28]} a6 {[%clk 1:30:15]} 4. Be2
{[%clk 1:30:25]} Qc7 {[%clk 1:29:47]} 5. Nc3 {[%clk 1:28:59]} d6 {[%clk 1:28:35]}
6. O-O {[%clk 1:29:10]} Nf6 {[%clk 1:29:01]} 7. d4 {[%clk 1:29:29]} cxd4
{[%clk 1:29:25]} 8. Nxd4 {[%clk 1:29:55]} Be7 {[%clk 1:29:51]} 9. Be3
{[%clk 1:30:16]} O-O {[%clk 1:30:09]} 10. Rc1 {[%clk 1:30:41]} Nbd7
{[%clk 1:30:34]} 11. b4 {[%clk 1:30:31]} b6 {[%clk 1:30:36]} 12. f4
{[%clk 1:28:27]} Bb7 {[%clk 1:31:02]} 13. Bd3 {[%clk 1:28:42]} Rac8
{[%clk 1:31:16]} 14. h3 {[%clk 1:14:33]} Qb8 {[%clk 1:30:28]} 15. Qe2
{[%clk 1:13:18]} Rfe8 {[%clk 1:17:16]} 16. Nf3 {[%clk 1:05:03]} d5
{[%clk 1:13:25]} 17. cxd5 {[%clk 0:46:41]} exd5 {[%clk 1:11:28]} 18. e5
{[%clk 0:40:30]} Ne4 {[%clk 1:09:05]} 19. Bxe4 {[%clk 0:39:01]} dxe4
{[%clk 1:09:25]} 20. Nd2 {[%clk 0:38:57]} Bxb4 {[%clk 0:59:54]} 21. Ncxe4
{[%clk 0:37:49]} Rxc1 {[%clk 0:36:00]} 22. Rxc1 {[%clk 0:37:43]} Nxe5
{[%clk 0:24:29]} 23. fxe5 {[%clk 0:38:04]} Qxe5 {[%clk 0:24:52]} 24. Qd3
{[%clk 0:30:11]} h6 {[%clk 0:16:39]} 25. Bxb6 {[%clk 0:21:09]} Bxe4
{[%clk 0:15:28]} 26. Nxe4 {[%clk 0:21:25]} Qxe4 {[%clk 0:15:55]} 27. Qxa6
{[%clk 0:18:10]} Re6 {[%clk 0:13:49]} 28. Qc8+ {[%clk 0:14:47]} Kh7
{[%clk 0:14:07]} 29. Ba7 {[%clk 0:13:43]} Rg6 {[%clk 0:11:28]} 30. Qc2
{[%clk 0:13:53]} Qh4 {[%clk 0:09:50]} 31. Rf1 {[%clk 0:12:40]} Bd6
{[%clk 0:08:38]} 32. Qd3 {[%clk 0:11:38]} Qa4 {[%clk 0:06:45]} 33. Bd4
{[%clk 0:03:13]} Qxa2 {[%clk 0:06:25]} 34. Qe4 {[%clk 0:02:47]} Qc4
{[%clk 0:04:41]} 35. Qe3 {[%clk 0:02:19]} Bb8 {[%clk 0:02:42]} 36. Rc1
{[%clk 0:00:37]} Qd5 {[%clk 0:02:49]} 37. Rc2 {[%clk 0:00:41]} Qd6
{[%clk 0:01:21]} 38. Kf1 {[%clk 0:00:55]} Qh2 {[%clk 0:01:01]} 39. Qg1
{[%clk 0:00:57]} Qf4+ {[%clk 0:00:47]} 40. Qf2 {[%clk 0:01:17]} Qe4
{[%clk 0:00:58]} 41. Kg1 {[%clk 0:00:41]} Bg3 {[%clk 0:00:36]} 42. Qd2
{[%clk 0:00:47]} Be1 {[%clk 0:00:49]} 43. Qd1 {[%clk 0:01:15]} Bb4
{[%clk 0:00:39]} 44. Re2 {[%clk 0:01:20]} Qd5 {[%clk 0:00:50]} 45. Qa1
{[%clk 0:01:11]} Qh5 {[%clk 0:00:40]} 46. Qb2 {[%clk 0:01:00]} Bd6
{[%clk 0:00:51]} 47. Qc2 {[%clk 0:01:12]} Qd5 {[%clk 0:00:59]} 48. Qb2
{[%clk 0:00:52]} Bc7 {[%clk 0:00:50]} 49. Qc3 {[%clk 0:00:33]} Qd6
{[%clk 0:00:48]} 50. Kf1 {[%clk 0:00:43]} Qf4+ {[%clk 0:00:36]} 51. Bf2
{[%clk 0:00:47]} Bb6 {[%clk 0:00:38]} 52. Qc2 {[%clk 0:00:53]} f5
{[%clk 0:00:36]} 53. Qd2 {[%clk 0:01:02]} Qxd2 {[%clk 0:00:34]} 54. Rxd2
{[%clk 0:01:31]} Bxf2 {[%clk 0:00:34]} 1/2-1/2

[Event "Moscow Open F"]
[Site "?"]
[Date "2017.01.31"]
[Round "5.14"]
[White "Shapkin, Anatoliy"]
[Black "Gaboshvili, Georgy"]
[Result "1-0"]
[BlackElo "1955"]
[WhiteElo "2266"]
[LiveChessVersion "1.4.8"]

1. Nf3 {[%clk 1:23:31]} c5 {[%clk 1:30:51]} 2. g3 {[%clk 1:23:37]} Nc6
{[%clk 1:30:48]} 3. c4 {[%clk 1:22:49]} e5 {[%clk 1:30:18]} 4. Nc3
{[%clk 1:23:10]} g6 {[%clk 1:29:57]} 5. Bg2 {[%clk 1:23:26]} Bg7 {[%clk 1:30:09]}
6. O-O {[%clk 1:23:35]} Nge7 {[%clk 1:30:14]} 7. Ne1 {[%clk 1:23:31]} O-O
{[%clk 1:29:51]} 8. Nc2 {[%clk 1:23:54]} d6 {[%clk 1:29:02]} 9. d3
{[%clk 1:24:00]} h6 {[%clk 1:27:55]} 10. Rb1 {[%clk 1:22:21]} a5 {[%clk 1:23:15]}
11. Ne3 {[%clk 1:21:31]} f5 {[%clk 1:22:41]} 12. a3 {[%clk 1:20:32]} g5
{[%clk 1:20:44]} 13. Ned5 {[%clk 1:20:44]} f4 {[%clk 1:12:22]} 14. b4
{[%clk 1:19:59]} axb4 {[%clk 1:02:28]} 15. axb4 {[%clk 1:20:18]} Nxd5
{[%clk 1:02:46]} 16. Nxd5 {[%clk 1:20:39]} fxg3 {[%clk 1:00:21]} 17. hxg3
{[%clk 1:19:31]} Nd4 {[%clk 0:58:09]} 18. e3 {[%clk 1:13:24]} Ne6
{[%clk 0:55:34]} 19. bxc5 {[%clk 1:13:44]} Nxc5 {[%clk 0:55:26]} 20. Nb6
{[%clk 1:13:58]} Ra7 {[%clk 0:51:53]} 21. Nxc8 {[%clk 1:14:21]} Qxc8
{[%clk 0:52:19]} 22. d4 {[%clk 1:11:53]} exd4 {[%clk 0:49:48]} 23. exd4
{[%clk 1:11:39]} Ne6 {[%clk 0:50:10]} 24. Bd5 {[%clk 1:12:04]} Kh8
{[%clk 0:49:05]} 25. Be3 {[%clk 1:11:46]} Nc7 {[%clk 0:48:59]} 26. Bg2
{[%clk 1:09:25]} Ne8 {[%clk 0:46:48]} 27. Qb3 {[%clk 1:07:02]} Rf7
{[%clk 0:45:37]} 28. c5 {[%clk 1:03:27]} Rc7 {[%clk 0:41:31]} 29. Rfc1
{[%clk 1:02:17]} Bf8 {[%clk 0:40:54]} 30. cxd6 {[%clk 1:01:43]} Nxd6
{[%clk 0:37:56]} 31. Qb6 {[%clk 1:01:25]} Rxc1+ {[%clk 0:38:11]} 32. Rxc1
{[%clk 1:01:48]} Qb8 {[%clk 0:38:30]} 33. d5 {[%clk 1:01:28]} Ra6
{[%clk 0:38:10]} 34. Qb1 {[%clk 0:59:30]} Qd8 {[%clk 0:36:09]} 35. Bf1
{[%clk 0:58:15]} Ra4 {[%clk 0:34:24]} 36. Qg6 {[%clk 0:51:23]} Qe7
{[%clk 0:28:29]} 37. Bc5 {[%clk 0:39:53]} Qg7 {[%clk 0:22:34]} 38. Qc2
{[%clk 0:39:32]} Ra5 {[%clk 0:19:37]} 39. Bb4 {[%clk 0:39:02]} Rxd5
{[%clk 0:17:33]} 40. Bc3 {[%clk 0:39:26]} Re5 {[%clk 0:18:02]} 41. Qb2
{[%clk 0:39:03]} Nf7 {[%clk 0:17:31]} 42. Bc4 {[%clk 0:39:03]} 1-0

[Event "Moscow Open F"]
[Site "?"]
[Date "2017.01.31"]
[Round "5.15"]
[White "Semenov, Grigoriy"]
[Black "Ivlev, Aleksey"]
[Result "0-1"]
[BlackElo "2259"]
[WhiteElo "1826"]
[LiveChessVersion "1.4.8"]

1. e4 {[%clk 1:30:57]} c5 {[%clk 1:30:57]} 2. c3 {[%clk 1:30:41]} d5
{[%clk 1:31:17]} 3. exd5 {[%clk 1:29:36]} Qxd5 {[%clk 1:31:43]} 4. d4
{[%clk 1:27:40]} Nf6 {[%clk 1:31:44]} 5. Nf3 {[%clk 1:25:41]} Nc6
{[%clk 1:32:00]} 6. Be2 {[%clk 1:24:29]} e6 {[%clk 1:32:07]} 7. dxc5
{[%clk 1:21:59]} Qxd1+ 8. Bxd1 {[%clk 1:22:14]} Bxc5 {[%clk 1:29:38]} 9. Bc2
{[%clk 1:19:39]} O-O {[%clk 1:28:51]} 10. O-O {[%clk 1:16:57]} b6
{[%clk 1:24:22]} 11. Nbd2 {[%clk 1:12:32]} Ba6 {[%clk 1:22:20]} 12. Re1
{[%clk 1:08:45]} Rac8 {[%clk 1:10:02]} 13. Ne4 {[%clk 1:05:35]} Be7
{[%clk 1:07:06]} 14. Nxf6+ {[%clk 1:00:46]} Bxf6 {[%clk 1:07:22]} 15. Bg5
{[%clk 1:01:06]} Nb4 {[%clk 0:47:12]} 16. Be4 {[%clk 0:47:53]} Nd3
{[%clk 0:41:07]} 17. Bxd3 {[%clk 0:46:41]} Bxd3 {[%clk 0:41:36]} 18. Bxf6
{[%clk 0:47:00]} gxf6 {[%clk 0:42:02]} 19. Rad1 {[%clk 0:44:38]} Rfd8
{[%clk 0:38:56]} 20. Nd4 {[%clk 0:36:27]} Ba6 {[%clk 0:38:45]} 21. Nf3
{[%clk 0:34:32]} Bb7 {[%clk 0:34:29]} 22. Rxd8+ {[%clk 0:20:04]} Rxd8
{[%clk 0:34:08]} 23. Kf1 {[%clk 0:20:27]} Ba6+ {[%clk 0:26:08]} 24. Kg1
{[%clk 0:20:48]} Kg7 {[%clk 0:24:54]} 25. a4 {[%clk 0:14:47]} Bc4
{[%clk 0:23:23]} 26. b4 {[%clk 0:13:48]} e5 {[%clk 0:19:50]} 27. h3
{[%clk 0:12:29]} Rd3 {[%clk 0:18:11]} 28. Re3 {[%clk 0:12:35]} Rd5
{[%clk 0:18:34]} 29. Nh4 {[%clk 0:08:56]} Rd1+ {[%clk 0:18:30]} 30. Kh2
{[%clk 0:09:15]} Ra1 {[%clk 0:18:18]} 31. Rg3+ {[%clk 0:07:29]} Kf8
{[%clk 0:18:39]} 32. Nf5 {[%clk 0:06:07]} Rxa4 {[%clk 0:18:11]} 33. Re3
{[%clk 0:05:43]} Ra2 {[%clk 0:18:01]} 34. Kg3 {[%clk 0:06:06]} Rd2
{[%clk 0:17:54]} 35. Re1 {[%clk 0:05:34]} Rd3+ {[%clk 0:16:46]} 36. Re3
{[%clk 0:05:58]} a5 {[%clk 0:16:34]} 37. f3 {[%clk 0:03:18]} a4 {[%clk 0:16:43]}
38. Re1 {[%clk 0:01:10]} Be6 {[%clk 0:16:44]} 0-1

[Event "Moscow Open F"]
[Site "?"]
[Date "2017.01.31"]
[Round "5.16"]
[White "Bernadskiy, Vitaliy"]
[Black "Berezhkov, Andrey"]
[Result "1-0"]
[BlackElo "2049"]
[WhiteElo "2540"]
[LiveChessVersion "1.4.8"]

1. e4 {[%clk 1:27:35]} c5 {[%clk 1:28:34]} 2. Nf3 {[%clk 1:27:54]} d6
{[%clk 1:28:39]} 3. c3 {[%clk 1:27:24]} Nf6 {[%clk 1:26:39]} 4. Bd3
{[%clk 1:27:11]} g6 {[%clk 1:26:23]} 5. Bc2 {[%clk 1:27:03]} Bg7 {[%clk 1:26:36]}
6. d4 {[%clk 1:26:18]} cxd4 7. cxd4 {[%clk 1:26:44]} O-O {[%clk 1:25:40]} 8. Nc3
{[%clk 1:25:40]} Nc6 {[%clk 1:24:44]} 9. d5 {[%clk 1:23:57]} Ne5 {[%clk 1:20:54]}
10. Nd4 {[%clk 1:23:38]} Ned7 {[%clk 1:14:46]} 11. O-O {[%clk 1:23:08]} Nc5
{[%clk 1:13:15]} 12. h3 {[%clk 1:21:05]} e5 {[%clk 1:04:56]} 13. dxe6
{[%clk 1:19:45]} fxe6 {[%clk 1:03:52]} 14. Be3 {[%clk 1:19:02]} Qe7
{[%clk 0:59:21]} 15. Ndb5 {[%clk 1:17:47]} Ne8 {[%clk 0:51:42]} 16. Nxd6
{[%clk 1:17:38]} b6 {[%clk 0:51:48]} 17. Nxc8 {[%clk 1:17:21]} Rxc8
{[%clk 0:52:10]} 18. Qe2 {[%clk 1:17:08]} Nd6 {[%clk 0:50:53]} 19. f3
{[%clk 1:16:35]} Nd7 {[%clk 0:50:26]} 20. Bb3 {[%clk 1:14:50]} Kh8
{[%clk 0:48:29]} 21. Rad1 {[%clk 1:14:16]} Ne5 {[%clk 0:48:19]} 22. f4
{[%clk 1:12:13]} Nc6 {[%clk 0:46:49]} 23. e5 {[%clk 1:11:19]} Nf5
{[%clk 0:45:28]} 24. Ne4 {[%clk 1:08:26]} 1-0

[Event "Moscow Open F"]
[Site "?"]
[Date "2017.01.31"]
[Round "5.17"]
[White "Lojko, Alexej"]
[Black "Sokolov, Vladimir"]
[Result "1/2-1/2"]
[BlackElo "2020"]
[WhiteElo "2273"]
[LiveChessVersion "1.4.8"]

1. d4 {[%clk 1:30:57]} d5 {[%clk 1:30:50]} 2. c4 {[%clk 1:31:25]} c6
{[%clk 1:31:05]} 3. Nf3 {[%clk 1:31:42]} Nf6 {[%clk 1:31:21]} 4. e3
{[%clk 1:32:06]} e6 {[%clk 1:31:13]} 5. Nbd2 {[%clk 1:32:20]} Nbd7
{[%clk 1:30:39]} 6. Bd3 {[%clk 1:31:11]} c5 {[%clk 1:21:42]} 7. b3
{[%clk 1:24:41]} Be7 {[%clk 1:19:29]} 8. O-O {[%clk 1:23:50]} O-O
{[%clk 1:18:48]} 9. Bb2 {[%clk 1:19:19]} b6 {[%clk 1:13:55]} 10. Qe2
{[%clk 1:17:30]} Bb7 {[%clk 1:12:54]} 11. Rfd1 {[%clk 1:16:35]} Qc7
{[%clk 1:07:24]} 12. Rac1 {[%clk 1:14:39]} Rac8 {[%clk 1:04:47]} 13. cxd5
{[%clk 0:07:04]} Nxd5 {[%clk 0:59:32]} 14. a3 {[%clk 0:03:10]} Qb8
{[%clk 0:52:49]} 15. Bb5 {[%clk 0:02:38]} Bc6 {[%clk 0:37:52]} 16. Ba6
{[%clk 0:02:39]} Bb7 {[%clk 0:37:30]} 17. Bb5 {[%clk 0:03:08]} Bc6
{[%clk 0:35:04]} 18. Ba6 {[%clk 0:03:36]} Bb7 {[%clk 0:35:26]} 1/2-1/2

[Event "Moscow Open F"]
[Site "?"]
[Date "2017.01.31"]
[Round "5.19"]
[White "Taalaibekov, Tagir"]
[Black "Astrelin, Evgeny"]
[Result "1-0"]
[BlackElo "1961"]
[WhiteElo "2173"]
[LiveChessVersion "1.4.8"]

1. d4 {[%clk 1:30:58]} Nf6 {[%clk 1:30:56]} 2. Nf3 {[%clk 1:30:59]} e6
{[%clk 1:31:21]} 3. c4 {[%clk 1:31:25]} c5 {[%clk 1:31:47]} 4. d5
{[%clk 1:31:30]} exd5 {[%clk 1:32:12]} 5. cxd5 {[%clk 1:31:57]} d6
{[%clk 1:32:37]} 6. Nc3 {[%clk 1:32:18]} g6 {[%clk 1:33:02]} 7. g3
{[%clk 1:32:42]} Bg7 {[%clk 1:33:27]} 8. Bg2 {[%clk 1:33:08]} O-O
{[%clk 1:33:52]} 9. O-O {[%clk 1:33:35]} Re8 {[%clk 1:33:36]} 10. Nd2
{[%clk 1:33:59]} a6 {[%clk 1:33:58]} 11. a4 {[%clk 1:34:25]} Nbd7
{[%clk 1:29:25]} 12. h3 {[%clk 1:34:16]} Rb8 {[%clk 1:27:25]} 13. Nc4
{[%clk 1:21:29]} Ne5 {[%clk 1:23:57]} 14. Nxe5 {[%clk 1:21:52]} Rxe5
{[%clk 1:24:23]} 15. Bf4 {[%clk 1:18:41]} Re8 {[%clk 1:23:22]} 16. e4
{[%clk 1:18:08]} b5 {[%clk 1:21:27]} 17. axb5 {[%clk 1:18:34]} axb5
{[%clk 1:21:53]} 18. Re1 {[%clk 1:18:59]} b4 {[%clk 1:21:08]} 19. Na4
{[%clk 1:18:48]} Nh5 {[%clk 1:19:53]} 20. Be3 {[%clk 1:18:26]} Bd7
{[%clk 1:19:44]} 21. g4 {[%clk 1:17:17]} Nf6 {[%clk 1:15:58]} 22. Bf4
{[%clk 1:16:26]} h5 {[%clk 0:41:58]} 23. e5 {[%clk 0:44:20]} Bxa4
{[%clk 0:35:31]} 24. Rxa4 {[%clk 0:43:57]} Nd7 {[%clk 0:35:39]} 25. e6
{[%clk 0:42:41]} Ne5 {[%clk 0:33:30]} 26. gxh5 {[%clk 0:39:51]} fxe6
{[%clk 0:19:35]} 27. dxe6 {[%clk 0:35:45]} Qh4 {[%clk 0:20:00]} 28. Bg3
{[%clk 0:33:14]} Qxh5 {[%clk 0:20:15]} 29. Ra7 {[%clk 0:27:05]} Qxd1
{[%clk 0:16:23]} 30. Rxd1 {[%clk 0:27:31]} Nc4 {[%clk 0:16:48]} 31. b3
{[%clk 0:25:39]} Ne5 {[%clk 0:14:58]} 32. Rxd6 {[%clk 0:25:37]} c4
{[%clk 0:15:20]} 33. Rxg7+ {[%clk 0:25:47]} Kxg7 {[%clk 0:15:40]} 34. Bxe5+
{[%clk 0:25:37]} Kf8 {[%clk 0:15:32]} 35. bxc4 {[%clk 0:24:26]} b3
{[%clk 0:16:01]} 36. Bb2 {[%clk 0:24:36]} Red8 {[%clk 0:11:11]} 37. c5
{[%clk 0:23:30]} Ke7 {[%clk 0:11:16]} 38. Rb6 Rxb6 {[%clk 0:10:50]} 39. cxb6
{[%clk 0:19:45]} Kxe6 {[%clk 0:10:59]} 40. b7 {[%clk 0:19:42]} Kd6
{[%clk 0:11:02]} 41. Bc1 {[%clk 0:18:42]} Kc5 {[%clk 0:11:18]} 42. Bf4
{[%clk 0:17:54]} Kd4 {[%clk 0:11:07]} 43. Bg5 {[%clk 0:11:56]} Rf8
{[%clk 0:07:56]} 44. Bf6+ {[%clk 0:11:46]} Kd3 {[%clk 0:07:23]} 45. Bd5
{[%clk 0:11:03]} Re8 {[%clk 0:04:24]} 46. Bxb3 {[%clk 0:11:10]} Ke4
{[%clk 0:04:49]} 47. Ba4 {[%clk 0:11:09]} Rf8 {[%clk 0:02:31]} 48. Bc6+
{[%clk 0:11:29]} Kf5 {[%clk 0:01:29]} 49. Be7 {[%clk 0:11:35]} 1-0

[Event "Moscow Open F"]
[Site "?"]
[Date "2017.01.31"]
[Round "5.20"]
[White "Dzhaumutbaev, Erzhan"]
[Black "Zubtsov, Alex"]
[Result "1/2-1/2"]
[BlackElo "1960"]
[WhiteElo "2148"]
[LiveChessVersion "1.4.8"]

1. e4 {[%clk 1:14:53]} e5 {[%clk 1:30:48]} 2. Nc3 {[%clk 1:14:34]} Nf6
{[%clk 1:30:59]} 3. g3 {[%clk 1:14:45]} Nc6 {[%clk 1:29:27]} 4. Bg2
{[%clk 1:15:08]} Bc5 {[%clk 1:27:47]} 5. Nge2 {[%clk 1:15:29]} d6
{[%clk 1:25:16]} 6. O-O {[%clk 1:14:25]} a6 {[%clk 1:20:14]} 7. h3
{[%clk 1:14:05]} Be6 {[%clk 1:16:55]} 8. Nd5 {[%clk 1:12:46]} Qd7
{[%clk 1:15:29]} 9. Kh2 {[%clk 1:11:54]} h5 {[%clk 1:15:46]} 10. c3
{[%clk 1:11:42]} h4 {[%clk 1:04:39]} 11. Nxf6+ {[%clk 1:08:54]} gxf6
{[%clk 1:04:54]} 12. g4 {[%clk 1:09:13]} d5 {[%clk 1:03:34]} 13. b4
{[%clk 1:05:47]} Bb6 {[%clk 1:00:03]} 14. d3 {[%clk 0:58:11]} O-O-O
{[%clk 0:57:13]} 15. Qa4 {[%clk 0:49:19]} dxe4 {[%clk 0:46:31]} 16. dxe4
{[%clk 0:43:32]} Qd3 {[%clk 0:46:32]} 17. Ng1 {[%clk 0:42:10]} Qxc3
{[%clk 0:42:41]} 18. Be3 {[%clk 0:35:07]} Bxe3 {[%clk 0:42:27]} 19. fxe3
{[%clk 0:35:32]} Qxb4 {[%clk 0:40:12]} 20. Qxb4 {[%clk 0:35:54]} Nxb4
{[%clk 0:40:24]} 21. Rxf6 {[%clk 0:36:19]} Nc2 {[%clk 0:39:41]} 22. Rc1
{[%clk 0:36:30]} Rd2 {[%clk 0:35:26]} 23. Nf3 {[%clk 0:36:14]} Re2
{[%clk 0:35:04]} 24. Ng1 {[%clk 0:36:25]} Rd2 {[%clk 0:31:04]} 25. Nf3
{[%clk 0:36:20]} Re2 {[%clk 0:29:35]} 26. Ng1 {[%clk 0:33:42]} Rd2
{[%clk 0:29:54]} 1/2-1/2

[Event "Moscow Open F"]
[Site "?"]
[Date "2017.02.01"]
[Round "6.1"]
[White "Samusenko, Maksim"]
[Black "Kezin, Roman"]
[Result "0-1"]
[BlackElo "2439"]
[WhiteElo "2333"]
[LiveChessVersion "1.4.8"]

1. d4 {[%clk 1:30:51]} d5 {[%clk 1:30:56]} 2. Nc3 {[%clk 1:31:01]} Nf6
{[%clk 1:31:21]} 3. Bf4 {[%clk 1:30:52]} e6 {[%clk 1:31:31]} 4. e3
{[%clk 1:30:28]} a6 {[%clk 1:31:55]} 5. Nf3 {[%clk 1:29:36]} c5 {[%clk 1:32:17]}
6. Be2 {[%clk 1:29:02]} Be7 {[%clk 1:32:37]} 7. O-O {[%clk 1:28:33]} O-O
{[%clk 1:33:01]} 8. dxc5 {[%clk 1:24:11]} Bxc5 {[%clk 1:31:27]} 9. Bd3
{[%clk 1:22:43]} Nc6 {[%clk 1:21:48]} 10. e4 {[%clk 1:20:05]} d4 {[%clk 1:07:42]}
11. Ne2 {[%clk 1:13:06]} Nh5 {[%clk 1:03:23]} 12. Bg5 {[%clk 1:03:31]} f6
{[%clk 0:43:48]} 13. Bd2 {[%clk 1:00:05]} e5 {[%clk 0:44:10]} 14. h3
{[%clk 0:56:34]} g5 {[%clk 0:17:47]} 15. c3 {[%clk 0:25:45]} dxc3
{[%clk 0:13:48]} 16. Bc4+ {[%clk 0:25:08]} Kh8 {[%clk 0:14:17]} 17. Nxc3
{[%clk 0:24:26]} g4 {[%clk 0:09:05]} 18. Nh4 {[%clk 0:19:03]} Ng3
{[%clk 0:03:12]} 19. Re1 {[%clk 0:12:50]} Qd4 {[%clk 0:03:11]} 20. Be3
{[%clk 0:10:21]} Qxc4 {[%clk 0:03:40]} 21. fxg3 {[%clk 0:10:49]} Bxe3+
{[%clk 0:02:15]} 22. Rxe3 Qc5 {[%clk 0:01:49]} 23. Qd2 {[%clk 0:09:25]} gxh3
{[%clk 0:01:12]} 24. Kh2 {[%clk 0:09:36]} Be6 {[%clk 0:01:01]} 25. gxh3
{[%clk 0:08:51]} Rad8 {[%clk 0:00:55]} 26. Qf2 {[%clk 0:08:12]} Nb4
{[%clk 0:00:44]} 27. Rf3 {[%clk 0:07:16]} Qxf2+ {[%clk 0:00:39]} 28. Rxf2
{[%clk 0:07:45]} Kg7 {[%clk 0:00:47]} 29. a3 {[%clk 0:06:50]} Nd3
{[%clk 0:01:16]} 30. Rd2 {[%clk 0:06:35]} Rd7 {[%clk 0:00:48]} 31. Ng2
{[%clk 0:04:20]} Rfd8 {[%clk 0:00:42]} 32. Ne3 {[%clk 0:03:57]} Nc5
{[%clk 0:01:01]} 33. Rxd7+ {[%clk 0:01:26]} Rxd7 {[%clk 0:01:31]} 34. Rd1
{[%clk 0:01:53]} Rd4 {[%clk 0:00:59]} 35. Kg2 {[%clk 0:01:33]} Kf7
{[%clk 0:01:16]} 36. h4 {[%clk 0:01:18]} Bb3 {[%clk 0:00:57]} 37. Rc1
{[%clk 0:01:13]} Rd2+ {[%clk 0:01:00]} 38. Kg1 {[%clk 0:01:15]} Rxb2
{[%clk 0:00:33]} 39. Ncd1 {[%clk 0:00:51]} Bxd1 {[%clk 0:01:01]} 40. Rxc5
{[%clk 0:01:19]} Bf3 {[%clk 0:01:02]} 41. Nc4 {[%clk 0:01:12]} Rg2+
{[%clk 0:01:02]} 42. Kf1 {[%clk 0:01:38]} Ke6 {[%clk 0:01:12]} 43. Rc8
{[%clk 0:00:48]} Rc2 {[%clk 0:00:45]} 44. Ke1 {[%clk 0:00:33]} Bxe4
{[%clk 0:00:54]} 45. Nb6 {[%clk 0:00:38]} Rxc8 {[%clk 0:01:07]} 46. Nxc8
{[%clk 0:01:07]} b5 {[%clk 0:01:23]} 47. Nb6 {[%clk 0:01:17]} Kd6
{[%clk 0:01:27]} 48. a4 {[%clk 0:01:33]} Kc6 {[%clk 0:00:54]} 49. a5
{[%clk 0:01:40]} b4 {[%clk 0:00:54]} 50. Kd2 {[%clk 0:02:05]} Bf5
{[%clk 0:01:05]} 51. Nc4 {[%clk 0:01:20]} Be6 {[%clk 0:01:33]} 0-1

[Event "Moscow Open F"]
[Site "?"]
[Date "2017.02.01"]
[Round "6.2"]
[White "Mokshanov, Alexey"]
[Black "Vakhlamov, Igor L."]
[Result "1/2-1/2"]
[BlackElo "2405"]
[WhiteElo "2413"]
[LiveChessVersion "1.4.8"]

1. e4 c5 2. Nf3 Nc6 3. Bb5 d6 4. Bxc6+ bxc6 5. O-O e5 6. c3 f5 7. exf5 Be7 8. d4
e4 9. Nfd2 Nf6 10. f3 exf3 11. Nxf3 Bxf5 12. dxc5 O-O 13. Nd4 Bd7 14. Bg5 Ng4 15.
Rxf8+ Qxf8 16. Bxe7 Qxe7 17. Qd2 Qe5 18. Nf3 Qxc5+ 19. Qd4 Qxd4+ 20. cxd4 Re8 21.
h3 Nf6 22. Nbd2 Be6 23. b3 Bd5 24. Kf2 Ne4+ 25. Nxe4 Rxe4 26. Re1 Rxe1 27. Nxe1
Kf7 28. Nc2 Ke6 29. Ne3 Be4 30. g3 c5 31. dxc5 dxc5 32. Nd1 Ke5 33. Ke3 Bf5 34.
h4 Be6 35. Nc3 Bf5 36. Na4 Bb1 37. Nc3 Bf5 38. Na4 Bb1 39. Nc3 Bf5 40. Na4 Bb1
1/2-1/2